000 00338nam a2200145Ia 4500
008 230711s9999||||xx |||||||||||||| ||und||
041 _aENG
082 _a540
_bBA-P
100 _aBarrow,Gordon M
245 0 _aPhysical Chemistry
250 _a1st Ed.
260 _c1988
_aNew York
_bMcgraw-Hill College
650 _aChemistry
942 _cBK
999 _c491
_d491